Loading...
| Literature - Drama | 1 | 3 | 0 | 1 | 45 | 19 | 73.75 | 1 | 4 | 30.41 | 47.62 |
| Literature - Poetry | 0 | 3 | 0 | 1 | 30 | 106 | 126.33 | 0 | 2 | 6.97 | 18.75 |
| Fine Arts - Other | 0 | 2 | 0 | 0 | 20 | 90 | 96.00 | 0 | 2 | 6.63 | 12.50 |
| Philosophy | 0 | 1 | 0 | 0 | 10 | 85 | 85.00 | 0 | 1 | 4.91 | 8.33 |
| Literature - Long Fiction | 0 | 1 | 0 | 0 | 10 | 117 | 117.00 | 1 | 1 | 3.09 | 9.26 |
| Literature - Misc | 0 | 1 | 0 | 0 | 10 | 103 | 103.00 | 0 | 1 | 32.24 | 66.67 |
| Science - Chemistry | 0 | 1 | 0 | 0 | 10 | 119 | 119.00 | 0 | 1 | 0.97 | 8.33 |
| Science - Physics | 0 | 1 | 0 | 0 | 10 | 114 | 114.00 | 0 | 1 | 1.70 | 10.42 |
| Short Fiction and Other | 0 | 0 | 1 | 0 | -5 | 0.00 | 0 | 0 | 0.00 | 0.00 | |
| Social Science | 0 | 0 | 1 | 0 | -5 | 0.00 | 0 | 0 | 0.00 | 0.00 | |
| Mythology | 0 | 0 | 1 | 0 | -5 | 0.00 | 0 | 0 | 0.00 | 0.00 | |
| Religion | 0 | 0 | 1 | 0 | -5 | 0.00 | 0 | 0 | 0.00 | 0.00 |